LEADER 01983nam2 2200361 i 450 001 SUN0045827 005 20200430084807.184 010 $a88-207-2814-1$d0.00 100 $a20060530d1998 |0itac50 ba 101 $aita 102 $aIT 105 $a|||| ||||| 200 1 $aˆ1: ‰Gametogenesi$fPaolo Abrescia, Piero Andreuccetti, Gian Luigi Russo$ga cura di Chiara Campanella e Francesco Angelini 210 $aNapoli$cLiguori$d1998 215 $a76 p.$cill.$d24 cm. 410 1$1001SUN0081814$12001 $aDomini. Biologia dello sviluppo$v1$1210 $aNapoli$cLiguori. 461 1$1001SUN0016721$12001 $a*Biologia dello sviluppo$fPaolo Abrescia, Piero Andreuccetti, Gian Luigi Russo$v1$1210 $aNapoli$cLiguori$1215 $avolumi$d24 cm. 620 $dNapoli$3SUNL000005 676 $a571.8$cBiologia dello sviluppo. Riproduzione, sviluppo e accrescimento$v22 676 $a571.845$cGametogenesi$v22 700 1$aAbrescia$b, Paolo$3SUNV036699$0301127 701 1$aAndreuccetti$b, Piero$3SUNV036700$0427538 701 1$aRusso$b, Gian Luigi$3SUNV036701$0730926 702 1$aAngelini$b, Francesco$3SUNV036705 702 1$aCampanella$b, Chiara$3SUNV036706 712 $aLiguori$3SUNV000052$4650 801 $aIT$bSOL$c20200504$gRICA 912 $aSUN0045827 950 $aUFFICIO DI BIBLIOTECA DEL DIPARTIMENTO DI SCIENZE E TECNOLOGIE AMBIENTALI BIOLOGICHE E FARMACEUTICHE$d17PREST Ab53 $e17BIB515 20111012 $sBuono 950 $aUFFICIO DI BIBLIOTECA DEL DIPARTIMENTO DI SCIENZE E TECNOLOGIE AMBIENTALI BIOLOGICHE E FARMACEUTICHE$d17PREST Ab49 $e17BIB516 20111012 $sBuono 950 $aUFFICIO DI BIBLIOTECA DEL DIPARTIMENTO DI SCIENZE E TECNOLOGIE AMBIENTALI BIOLOGICHE E FARMACEUTICHE$d17CONS Ab37/1 $e17BIB1086 20060530 $sBuono 996 $aGametogenesi$91403896 997 $aUNICAMPANIA LEADER 02574nam 2200577 450 001 9910815120403321 005 20231006180727.0 010 $a3-95487-637-X 024 7 $a10.31819/9783954876372 035 $a(CKB)4100000007165058 035 $a(MiAaPQ)EBC5635197 035 $a(DE-B1597)516558 035 $a(OCoLC)1076485008 035 $a(DE-B1597)9783954876372 035 $a(MiAaPQ)EBC6275931 035 $a(Au-PeEL)EBL6275931 035 $a(OCoLC)1105548231 035 $a(FlNmELB)ELB37141 035 $a(EXLCZ)994100000007165058 100 $a20220525d2017 uy 0 101 0 $aspa 135 $aurcnu|||||||| 181 $2rdacontent 182 $2rdamedia 183 $2rdacarrier 200 10$aEuropeos en Latinoame?rica $eCine y Literatura Transnacionales : la Visio?n de Herzog, Bun?uel, Aub y Gombrowicz /$fJavier de Taboada 210 1$aMadrid :$cIberoamericana ;$aFrankfurt am Main :$cVervuert,$d[2017] 210 4$d©2017 215 $a1 online resource (249 pa?ginas) 225 1 $aNuevos Hispanismos ;$v22 311 0 $a84-16922-36-5 311 0 $a84-16922-36-5 320 $aIncluye referencias bibliogra?ficas. 327 $tFront matter --$tÍndice --$tIntroducción --$tCapítulo I. Del Tercer Cine al cine transnacional --$tCapítulo II. Herzog en el Perú: una lectura local --$tCapítulo III. Buñuel en México: ¿genio atrapado en la industria? --$tCapítulo IV. Max Aub, ciudadano mexicano --$tCapítulo V. Gombrowicz en Argentina: la reinvención de un escritor --$tConclusión --$tBibliografía --$tFilmografía --$tÍndice analítico 330 $aEn este libro se ensaya una lectura latinoamericanista de cuatro autores canónicos, los españoles Luis Buñuel y Max Aub, el alemán Werner Herzog, y el polaco Witold Gombrowicz, prestando particular atención al diálogo y negociación que establecen con sus lugares de residencia, para integrarlos en la tradición cultural del continente americano. 410 0$aNuevos hispanismos ;$v22. 606 $aExpatriate authors$zEurope 606 $aExpatriate authors$zLatin America 606 $aEuropean literature$y20th century$xThemes, motives, etc 615 0$aExpatriate authors 615 0$aExpatriate authors 615 0$aEuropean literature$xThemes, motives, etc. 676 $a809.8920691 700 $aTaboada$b Javier de$01689256 801 0$bMiAaPQ 801 1$bMiAaPQ 801 2$bMiAaPQ 906 $aBOOK 912 $a9910815120403321 996 $aEuropeos en Latinoame?rica$94064172 997 $aUNINA